00314 a2200121 4500001000700000040003500007100002100042240005300063245004800116300000800164362000900172440001100181153990 cEscola São Tomás de Aquino aFERREIRO, Emilia10aA produção de notações na criançalpor10aA produção de notações na criança a1800 a1990 1aCortez